Francis Bacon
保存先:
| 第一著者: | |
|---|---|
| フォーマット: | 図書 |
| 言語: | 英語 |
| 出版事項: |
Londres
Phaidon Press Limited
2013
|
| 主題: | |
| タグ: |
タグ追加
タグなし, このレコードへの初めてのタグを付けませんか!
|
MARC
| LEADER | 00000cam a2200000 a 4500 | ||
|---|---|---|---|
| 001 | UCF7249 | ||
| 003 | CL-VaPUC | ||
| 008 | 130613e20130000UK |||||||||||||||||eng|d | ||
| 020 | |a 9780714861333 | ||
| 082 | 0 | 4 | |a 759.2 |b HAM |2 21 |
| 100 | 0 | |a Hammer, Martin |e author |9 569247 | |
| 245 | 1 | 0 | |a Francis Bacon |
| 300 | |a 145 p | ||
| 942 | |c BK | ||
| 945 | |d 20130613 00:00:00 |a dcastane | ||
| 260 | |a Londres |b Phaidon Press Limited |c 2013 | ||
| 650 | 7 | |a PINTORES INGLESES |2 CL-VaPUC |9 342329 | |
| 650 | 7 | |a EXPRESIONISMO |2 CL-VaPUC |9 268711 | |
| 650 | 0 | |a Surrealismo |9 265502 | |
| 650 | 0 | |a Biografías |9 255210 | |
| 583 | |a last modification |c 20130613 14:21:00 |k Rodrigo Vera | ||
| 999 | |c 352140 |d 352138 | ||
| 952 | |0 0 |1 0 |4 0 |6 759_200000000000000_HAM_2013 |7 0 |8 R |9 456692 |a BIBART |b BIBART |d 2019-11-22 |i 4980271 |l 15 |o 759.2 HAM 2013 |p 4980271 |r 2025-03-13 |s 2024-10-15 |w 2019-11-22 |y BK_R |k ART | ||